000 00295nam a2200133Ia 4500
008 201214s9999 xx 000 0 und d
100 _aRobbins, Stephen
245 0 _aOrganization Behaviour
260 _aNew Jersey
260 _bPrentice Hall
260 _c1982
300 _a564
942 _cBK
999 _c5885
_d5885